| 000 | 00320nam a2200109Ia 4500 | ||
|---|---|---|---|
| 008 | 230320s9999||||xx |||||||||||||| ||spa|| | ||
| 082 | _a410/E78 | ||
| 100 | _aEscajadillo Paico, Beatriz ; Romero Peralta, Guillermo | ||
| 245 | 0 | _aLengua Y Literatura : Primer Año De Educación Normal | |
| 260 | _bToledo | ||
| 942 |
_80 _cLIB |
||
| 999 |
_c31834 _d31834 |
||